Eastern Utah Libraries Catalog: Duchesne, Heber, Roosevelt, & Vernal

Perfect timing (Record no. 41305)

MARC details
000 -LEADER
fixed length control field 01318nim a2200361Ka 4500
001 - CONTROL NUMBER
control field ocm71373388
003 - CONTROL NUMBER IDENTIFIER
control field OCoLC
005 - DATE AND TIME OF LATEST TRANSACTION
control field 20241220115526.0
008 - FIXED-LENGTH DATA ELEMENTS--GENERAL INFORMATION
fixed length control field 060920s2006 utunnn f eng d
035 ## - SYSTEM CONTROL NUMBER
System control number (Sirsi) o71373388
040 ## - CATALOGING SOURCE
Original cataloging agency UWB
Transcribing agency UWB
Modifying agency UINTA
Description conventions rda
049 ## - LOCAL HOLDINGS (OCLC)
Holding library UCLB
092 ## - LOCALLY ASSIGNED DEWEY CALL NUMBER (OCLC)
Classification number (CD)
Item number M288.3 Bell
092 ## - LOCALLY ASSIGNED DEWEY CALL NUMBER (OCLC)
Classification number BELL
100 1# - MAIN ENTRY--PERSONAL NAME
Personal name Bell, Michele Ashman
Dates associated with a name 1959-
9 (RLIN) 46925
245 10 - TITLE STATEMENT
Title Perfect timing
Medium [sound recording] /
Statement of responsibility, etc Michele Ashman Bell.
260 ## - PUBLICATION, DISTRIBUTION, ETC. (IMPRINT)
Place of publication, distribution, etc American Fork, UT :
Name of publisher, distributor, etc Covenant Communications, Inc.
Date of publication, distribution, etc c2006.
264 ## - Production, Publication, Distribution, Manufacture, and Copyright Notice.
Place of production, publication, distribution, manufacture American Fork, UT :
Name of producer, publisher, distributor, manufacturer Covenant Communications, Inc.
Date of production, publication, distribution, manufacture, or copyr c2006.
300 ## - PHYSICAL DESCRIPTION
Extent 4 sound discs (ca. 5 hrs.) :
Other physical details digital
Dimensions 4 3/4 in.
336 ## - Content Type
Content type term spoken word
337 ## - Media type
Media type term audio
338 ## - Carrier type
Carrier type term audio disc
500 ## - GENERAL NOTE
General note Abridged CDs.
500 ## - GENERAL NOTE
General note Compact discs.
511 0# - PARTICIPANT OR PERFORMER NOTE
Participant or performer note Read by Laurie Payne.
650 #0 - SUBJECT ADDED ENTRY--TOPICAL TERM
Topical term or geographic name as entry element Mormons
Form subdivision Fiction
-- Compact discs.
9 (RLIN) 5674367
650 #0 - SUBJECT ADDED ENTRY--TOPICAL TERM
Topical term or geographic name as entry element Ashford, Kenidee (Fictitious character)
Form subdivision Fiction
-- Compact discs.
9 (RLIN) 6364908
650 #0 - SUBJECT ADDED ENTRY--TOPICAL TERM
Topical term or geographic name as entry element Missionaries
Form subdivision Fiction
-- Compact discs.
9 (RLIN) 6364909
650 #0 - SUBJECT ADDED ENTRY--TOPICAL TERM
Topical term or geographic name as entry element The Church of Jesus Christ of Latter-day Saints
Form subdivision Fiction
-- Compact discs.
9 (RLIN) 6364910
650 #0 - SUBJECT ADDED ENTRY--TOPICAL TERM
Topical term or geographic name as entry element Audiobooks (Compact discs.
9 (RLIN) 5674370
700 1# - ADDED ENTRY--PERSONAL NAME
Personal name Payne, Laurie.
9 (RLIN) 51886
942 ## - ADDED ENTRY ELEMENTS (KOHA)
Koha item type Audiobook on CD
Source of classification or shelving scheme Dewey Decimal Classification
Holdings
Withdrawn status Lost status Source of classification or shelving scheme Materials specified (bound volume or other part) Damaged status Not for loan Collection code Home library Current library Shelving location Date acquired Source of acquisition Cost, normal purchase price Total Checkouts Full call number Barcode Date last seen Date checked out Cost, replacement price Price effective from Koha item type
    Dewey Decimal Classification .CIRCNOTE. 4 discs     Audiobooks Wasatch County Library Wasatch County Library Second Floor 11/06/2008 Donation 19.95 28 CD LDS Bell 34301000753113 03/07/2024 09/29/2020 19.95 03/20/2020 Audiobook on CD
This project was made possible through a grant from the Institute of Museum and Library Service administered by the Utah State Library Division.

Wasatch County Library

  • 465 East 1200 South, Heber City, Utah 84032
  • Phone 435-654-1511 | Fax 435-654-6456

Hours

  • Monday - Friday 9:30 AM - 8:00 PM
  • Saturday 9:30 AM - 1:30 PM
  • Closed Sundays and Holidays